10 Poorest Countries in Europe Quiz Stats

 Plays Quiz Updated Sep 12, 2016

Challenge
Share
Tweet
Embed
Score 0/10 Timer 03:00
18 Plays Today
% Correct
Albania
84.3%
Moldova
84%
Macedonia
78.7%
Bosnia and Herzegovina
78%
Montenegro
73.4%
Serbia
70.7%
Bulgaria
64.2%
Belarus
61.3%
Ukraine
46.4%
Turkey
21.8%

You're not logged in!

Compare scores with friends on all Sporcle quizzes.
OR
Log In

You Might Also Like...

Show Comments

Extras

Top Quizzes Today


Score Distribution

Your Account Isn't Verified!

In order to create a playlist on Sporcle, you need to verify the email address you used during registration. Go to your Sporcle Settings to finish the process.

Report this User

Report this user for behavior that violates our Community Guidelines.

Details: